Využitie klimatických databáz pri analýze a interpolácii plavenín na Dunaji

Saved in:
Bibliographic Details
Main Author: Cyprich, František (Author)
Other Authors: Čistý, Milan (Thesis advisor)
Format: Manuscript Book
Language:Slovak
Published: 2021
Subjects:
Online Access:http://is.stuba.sk/zp/portal_zp.pl?podrobnosti=145681
Tags: Add Tag
No Tags, Be the first to tag this record!

MARC

LEADER 00000ntm a22000003a 4500
001 stuzp66130
003 SK-STU
005 20211016210233.5
007 ta
008 150427s2015----xo-----f-mn---000-0-slo-d
040 |a STU  |b slo 
041 0 |a slo 
100 1 |a Cyprich, František  |u 010160  |4 aut  |U SvF Stavebná fakulta  |T SvF Katedra vodného hospodárstva krajiny  |X 93589  |U V160  |Y 16  |7 93589 
242 0 1 |a Utilization of climatic databases in analysis and interpolation of suspended sediments on Danube river  |y eng 
245 1 0 |a Využitie klimatických databáz pri analýze a interpolácii plavenín na Dunaji 
260 |c 2021 
650 4 |a koncentrácia plavenín  |2 slo 
650 4 |a prietoky  |2 slo 
650 4 |a klimatické údaje  |2 slo 
650 4 |a Dunaj;  |2 slo 
650 4 |a Danube  |2 eng 
650 4 |a suspended sediment  |2 eng 
650 4 |a flows  |2 eng 
650 4 |a climatic data  |2 eng 
700 1 |a Čistý, Milan  |u 010160  |k Z1  |4 ths  |U SvF Stavebná fakulta  |T SvF Katedra vodného hospodárstva krajiny  |X 4056  |U V160  |Y 16  |7 A000004056 
856 4 |u http://is.stuba.sk/zp/portal_zp.pl?podrobnosti=145681